Gran atlas universal (Registro nro. 231)

Detalles MARC
000 -Cabecera
Campo de control interno 00624nam a2200229Ia 4500
005 - Fecha y hora del registro
control field 20251203123020.0
008 - Elementos de Longitud Fija
fixed length control field 251203t2005||||xx |||||||||||||| ||spa||
020 ## - ISBN
ISBN 9972350207
041 ## - Idioma
Codigo Idioma ESP
082 ## - DEWEY y NOTACIÓN INTERNA
Dewey RT 912
Notación Interna R42
110 ## - AUTOR INSTTITUCIONAL
Autor Institucional Grupo la República
245 #0 - TÍTULO DE MATERIAL BIBLIOGRÁFICO
Título Gran atlas universal
Título paralelo
260 ## - CIUDAD, EDITORIAL, AÑO
Ciudad Lima :
Nombre de la Editorial La República,
Año 2005
300 ## - DESCRIPCIÓN
N° Páginas 695 páginas :
Otros detalles ilustraciones, mapas ;
Dimensiones 34 cm.
Material Adicional
440 ## - MENCIÓN DE SERIE
Título de la Serie
Número de Serie
Volumen de Serie
500 ## - NOTA GENERAL
Nota General En la cubierta : "La tierra vista desde el satélite"
650 ## - TEMAS
Temas Geografía
653 ## - DESCRIPTORES
Lenguajes no controlado Geografía histórica; Atlas
654 ## - PROGRAMAS
Programa Todos los programas
942 ## - ELEMENTOS DE KOHA
Tipo de documento Libro
Nombre del creador Justo Noguera
Código de catalogador Tania Ramirez
Esquema de clasificación Dewey Decimal Classification
Suppress in OPAC
Existencias
Codigo completo Registro Colección Copia número Disponibilidad Tipo de préstamo Biblioteca Actual Procedencia (Biblioteca) Ubicacón Fecha Ingreso Tipo de Adquisición Date last seen Total checkouts Price effective from Tipo de Item Estado del Material Fuente de Clasificación Damaged status Withdrawn status
RT 912 R42 1085104 Colección Vera Bejar 1   Restringido Víctor Andrés Belaunde Víctor Andrés Belaunde Planta baja cerrada 03/12/2025 Donación 03/12/2025   03/12/2025 Libro Bueno Dewey Decimal Classification   Withdrawn